Alle Ruhrbahn Linien (Mülheim) - Statistiken

Allgemein
  • Dieses Quiz wurde 47 mal gespielt
  • Das Durchschnittsergebnis liegt bei 24 aus 36
Antwortstatistiken
Start - Ziel Über Linie % Korrekt
Mülheim Hbf - E Berliner Platz Rhein-Ruhr-Zentrum - Essen Hbf U18
89%
Oberdümpten - Uhlenhorst Mülheim Hbf - Stadtmitte - Schloß Broich 102
86%
Kaiserplatz - E Abzw. Aktienstr. Stadtmitte - Grenze Borbeck 104
86%
Hauptfriedhof - OB Neumarkt Kaiserplatz - Stadtmitte - West S - Landwehr - Oberhausen Hbf - OB Neue Mitte - OB-Sterkrade Bf. 112
86%
Mülheim Hbf - OB City Forum Styrum S - Oberhausen Hbf 122
84%
HafenCenter - E Kettwiger Markt Speldorf - Broich - Saarn - Mintard 134
84%
Peterstr. - OB Wehrstr. Mülheim Hbf - Dümpten 125
81%
Broich Friedhof - E Breilsort Speldorf - Styrum - Heißen 129
81%
Mülheim Hbf - Rhein-Ruhr-Zentrum Wasserstr. - Raadt - E Erbach 130
81%
Nordhafen - Saarner Kuppe Mülheim Hbf - Stadtmitte - Schloß Broich 135
81%
Broich Friedhof - E Erbach Saarn - Holthausen - Heißen 139
81%
Heißen Kirche - OB Anne-Frank-Realschule Dümpten - Wenderfeld - Oberdümpten - Oberhausen Hbf 136
78%
Dümpten - Rtg. Flurstr. Mülheim Hbf - Stadtmitte - Selbeck 131
76%
Rhein-Ruhr-Zentrum - E Kettwiger Markt Heißen - Mülheim Hbf - Stadtmitte 151
73%
Stadtmitte - Stadtmitte Dümpten - Heißen NE1
68%
Kiefernweg - OB-Sterkrade Bf. Saarn - Stadtmitte - Dümpten - OB Wehrstr. - OB Neue Mitte NE10
68%
Stadtmitte - Stadtmitte Heißen - Dümpten NE3
68%
Stadtmitte - Flughafen Wasserstr. - Menden - Holthausen NE4
68%
Stadtmitte - Rhein-Ruhr-Zentrum Holthausen - Heißen NE5
68%
Mülheim Hbf - Düsseldorf Hbf Saarn - Selbeck - Rtg.-Lintorf 752
65%
Stadtmitte - OB-Sterkrade Bf. West S - Styrum - Landwehr - Oberhausen Hbf - OB Neue Mitte - OB OLGA-Park NE12
65%
Duisburg Hbf - E Abzw. Aktienstr. DU Zoo/Uni - Speldorf - Stadtmitte - Winkhausen - E Abzw. Aktienstr. NE9
65%
Alte Str. - Ratingen Mitte Selbeck 753
62%
Broich Friedhof - OB City Forum Styrum E22
54%
Stadtmitte - Gustav-Heinemann-Schule Mülheim Hbf - Eppinghofen - Sellerbeckstr. E25
54%
Amselstr. - Gustav-Heinemann-SchuleWasserturm - Gustav-Heinemann-Schule Heißen Kirche E29
54%
Kiefernweg - KiebitzfeldStooter Str. - Kiebitzfeld Rtg. Flurstr. - Kiebitzfeld Mülheim Hbf - Kiefernweg LindenhofOemberg Oemberg Lindenhof E31
54%
Hansastr. - Schulzentrum Saarn Brandenberg E34
54%
Mülheim Hbf - LehnerfeldLehnerfeld - Stadtmitte Lehnerfeld - Mülheim Hbf Lindgens E35
54%
Theodor-Fliedner-Werk - Mülheim Hbf Saarn E52
54%
Mariannenweg - Kleiststr.Nordstr. - Kleiststr. Mariannenweg - Gustav-Heinemann-Schule Gustav-Heinemann-SchuleHeißen Kirche E36
51%
Hansastr. - Von-Bock-Str.Weißdornbogen - Von-Bockstr. WeißdornbogenMenden E39
51%
Stooter Str. - Von-Bock-Str. Menden - Saarn E53
51%
Nordhafen - Ruhrorter/Weseler Str. E14
49%
Hansastr. - Kiebitzfeld Broicher Waldweg E33
49%
Schloß Broich - Lippestr. Mülheim Hbf E11
46%
Keine übereinstimmenden Quizze gefunden
Verteilung der Resultate
Anzahl Personen mit jedem Resultat
Perzentil nach korrekt beantworteten Fragen
Ihre Resultats-Entwicklung
Sie haben dieses Quiz noch nicht gespielt